00658 a2200181 45000010006000000050017000060080041000230030015000640400040000790800064001192450045001832500012002282640009002403000019002495050172002681000018004407000018004583140820260407155619.0260407a1948 arg spa dAR-UNSa-BCEJYS aAR-UNSa-BCEJYSbspacAR-UNSa-BCEJYS a658xAdministración de empresas. Organización comercial10aOrganización administrativa y contable a3a. ed. 1c1948 a267 p.c20 cm. a1. Organización administrativa - 2. Contralor interno y externo - 3. La contabilidad - 4. Mecanismo de control interno - 5. El jefe de contaduría - 6. El personal 1 aSeoane, Jorge1 aRaul, Joaquin